| 000 | 00346 a2200109 4500 | ||
|---|---|---|---|
| 001 | ART_24152 | ||
| 005 | 20260410161821.0 | ||
| 008 | 260409a | ||
| 245 | 1 | 0 | _aAspectos sustantivos de la reforma de la ley 24769 |
| 100 | 1 | _aBello, Alberto M. | |
| 773 | 0 |
_tDoctrina Penal Tributaria y Económica _g- Nº 32 (jun. 2014) _wREV4317 |
|
| 999 |
_c22324 _d22324 |
||